Sports Quiz

Random Sports or WWE Quiz

WWE PPVs from 2008 to 2011 - Part 2 Quiz Stats

 Plays Quiz not verified by Sporcle

Challenge
Share
Tweet
Embed
Score 0/42 Timer 15:00
0 Plays Today
Date PPV Name % Correct
January 27, 2008Royal Rumble
93.9%
January 25, 2009Royal Rumble
93.4%
January 31, 2010Royal Rumble
93.4%
August 17, 2008SummerSlam
85.3%
August 23, 2009SummerSlam
85.3%
August 15, 2010SummerSlam
85.3%
February 17, 2008No Way Out
84.8%
February 15, 2009No Way Out
84.3%
November 23, 2008Survivor Series
82.2%
November 22, 2009Survivor Series
82.2%
November 21, 2010Survivor Series
81.2%
April 27, 2008Backlash
80.2%
April 26, 2009Backlash
79.7%
June 7, 2009Extreme Rules
78.7%
April 25, 2010Extreme Rules
78.7%
February 21, 2010Elimination Chamber
78.2%
October 4, 2009Hell in a Cell
77.2%
December 13, 2009TLC
77.2%
October 3, 2010Hell in a Cell
75.1%
October 25, 2009Bragging Rights
74.1%
December 19, 2010Tables, Ladders & Chairs
74.1%
Date PPV Name % Correct
October 24, 2010Bragging Rights
71.6%
June 29, 2008Night of Champions
68.5%
July 26, 2009Night of Champions
68.5%
May 23, 2010Over the Limit
68%
July 18, 2010Money in the Bank
68%
September 19, 2010Night of Champions
68%
April 5, 2009WrestleMania XXV
66.5%
March 28, 2010WrestleMania XXVI
64%
March 30, 2008WrestleMania XXIV
62.9%
October 5, 2008No Mercy
61.9%
June 28, 2009The Bash
60.9%
June 20, 2010Fatal 4-Way
59.4%
December 14, 2008Armageddon
58.9%
September 13, 2009Breaking Point
58.9%
July 20, 2008The Great American Bash
54.8%
September 7, 2008Unforgiven
54.8%
October 26, 2008Cyber Sunday
54.3%
April 3, 2011WrestleMania XXVII
54.3%
June 1, 2008One Night Stand
53.3%
May 18, 2008Judgment Day
52.8%
May 17, 2009Judgment Day
52.3%

You're not logged in!

Compare scores with friends on all Sporcle quizzes.
Join for Free
OR
Log In

You Might Also Like...

Show Comments

Extras

Created May 29, 2010ReportNominate
Tags:WWE Quiz, 2007, 2010, date, location, ppv

Top Quizzes Today


Score Distribution

Your Account Isn't Verified!

In order to create a playlist on Sporcle, you need to verify the email address you used during registration. Go to your Sporcle Settings to finish the process.

Report this User

Report this user for behavior that violates our Community Guidelines.

Details: